Quiz des États faillis - Statistiques

Statistiques générales
  • Ce quiz a été pris 22 fois
  • Le résultat moyen est 24 sur 32
Réponses sur la Carte
Les réponses sont colorées sur une échelle allant du rouge au vert en fonction du pourcentage des utilisateurs qui les ont devinées à leur premier essai. Vous pouvez retrouver ces pourcentages ci-dessous.
 
Statistiques - réponses
Rang Index (sur 120) États faillis % Correct
5 106.7 République démocratique du Congo
100%
10 102.7 Tchad
100%
14 97.3 Mali
94%
19 95.2 Niger
94%
7 103.9 République centrafricaine
94%
29 90.2 République du congo
94%
1 111.3 Somalie
94%
12 98.1 Ethiopie
89%
2 109.3 Soudan
89%
3 109.0 Soudan du sud
89%
7 103.9 Afghanistan
83%
20 94.3 Cameroun
83%
26 92.1 Erythrée
83%
16 96.5 Libye
83%
15 96.6 Nigeria
83%
21 94.2 Burkina faso
78%
31 88.6 Irak
78%
4 108.1 Syrie
78%
17 96.4 Guinée
72%
9 103.5 Haiti
72%
27 91.7 Pakistan
72%
6 106.6 Yémen
72%
32 88.4 Guinée Bissau
67%
25 92.5 Mozambique
67%
18 95.7 Zimbabwe
67%
28 91.1 Ouganda
61%
22 93.1 Ukraine
61%
24 92.6 Burundi
56%
23 92.7 Liban
56%
11 100.0 Birmanie
50%
30 89.0 Venezuela
44%
13 97.8 Palestine
11%
Aucun quiz correspondant
Distribution des résultats
% des personnes avec chaque résultat
Percentile par nombre de réponses
Votre historique - résultats
Vous n’avez pas pris ce quiz